Landeskundlich-statistische Kreisbeschreibung in Westfalen

Saved in:
Bibliographic Details
Main Author: Bertelsmeier, Elisabeth.
Other Authors: Müller-Wille, Wilhelm.
Format: Book
Language:German
Published: Münster/Westfalen, Im Selbstverlag der Geographischen Kommission [1950]
Series:Spieker ; 1..
Subjects:
Tags: Add Tag
No Tags, Be the first to tag this record!
LEADER 00836nam a2200253K 4500
001 004040741-1
005 20020606095253.2
008 900206s1950 gw 000 0 ger d
035 0 |a ocm21009011 
040 |a CUY  |c CUY  |d HLS 
043 |a e-gw--- 
090 |a GB214.W4  |b S65 no.1 
100 1 |a Bertelsmeier, Elisabeth. 
245 1 0 |a Landeskundlich-statistische Kreisbeschreibung in Westfalen  |c [von] E. Bertelsmeier und W. Müller-Wille. 
260 |a Münster/Westfalen,  |b Im Selbstverlag der Geographischen Kommission  |c [1950] 
300 |a 119 p. 
490 1 |a Spieker ;  |v 1. 
650 0 |a Administrative and political divisions. 
650 0 |a Counties  |z Germany  |z Westphalia. 
650 0 |a Surveying  |x Public lands  |z Germany  |z Westphalia. 
700 2 |a Müller-Wille, Wilhelm. 
830 0 |a Spieker ;  |v 1.. 
988 |a 20020608 
906 |0 OCLC